<?xml version="1.0" encoding="utf-8"?>
<?xml-stylesheet type='text/xsl' href='./oai2.xsl'?>
<OAI-PMH xmlns="http://www.openarchives.org/OAI/2.0/" xmlns:xsi="http://www.w3.org/2001/XMLSchema-instance" xsi:schemaLocation="http://www.openarchives.org/OAI/2.0/ http://www.openarchives.org/OAI/2.0/OAI-PMH.xsd">
  <responseDate>2026-05-15T22:02:54Z</responseDate>
  <request verb="GetRecord" metadataPrefix="marcxml" identifier="record_kuniweb_1373178">https://kulturerbe.niedersachsen.de/oai</request>
  <GetRecord>
    <record>
      <header>
        <identifier>record_kuniweb_1373178</identifier>
        <datestamp>2024-02-22T10:22:04Z</datestamp>
        <setSpec>slg0242</setSpec>
      </header>
      <metadata>
        <marc:record xmlns:marc="http://www.loc.gov/MARC21/slim" xsi:schemaLocation="http://www.loc.gov/MARC21/slim http://www.loc.gov/standards/marcxml/schema/MARC21slim.xsd">
          <marc:leader>12345nrm  22     uu 4500</marc:leader>
          <marc:controlfield tag="001">1373178</marc:controlfield>
          <marc:controlfield tag="003">http://kuniweb.gbv.de</marc:controlfield>
          <marc:controlfield tag="005">2020-09-07T09:57:10</marc:controlfield>
          <marc:controlfield tag="008">|           ||||||||||||||||||||||</marc:controlfield>
          <marc:datafield tag="245" ind1="1" ind2="0">
            <marc:subfield code="a">Tüllenbeil</marc:subfield>
          </marc:datafield>
          <marc:datafield tag="655" ind1=" " ind2="7">
            <marc:subfield code="a">Archäologie</marc:subfield>
          </marc:datafield>
          <marc:datafield tag="046" ind1=" " ind2=" ">
            <marc:subfield code="k">-0749</marc:subfield>
            <marc:subfield code="k">Periode VI (Montelius)</marc:subfield>
            <marc:subfield code="l">-0549</marc:subfield>
          </marc:datafield>
          <marc:datafield tag="260" ind1=" " ind2=" ">
            <marc:subfield code="g">-0749</marc:subfield>
            <marc:subfield code="g">-0549</marc:subfield>
            <marc:subfield code="g">Periode VI (Montelius)</marc:subfield>
          </marc:datafield>
          <marc:datafield tag="300" ind1=" " ind2=" ">
            <marc:subfield code="a">Länge: 6,9 cm
Breite: 4,1 cm (Schneide)
Durchmesser: 3,4 cm (Tülle )
Durchmesser: 2,8 cm (Tülle)</marc:subfield>
          </marc:datafield>
          <marc:datafield tag="520" ind1=" " ind2=" ">
            <marc:subfield code="a">Das Tüllenbeil aus Ehra-Lessien (im Foto Vorder- und Rückseite, Seiten- und Aufsicht) ist von gedrungener Form, die Breitseiten in Richtung Schneide boden- oder glockenförmig abgesetzt. Der Mündungswulst ist kräftig ausgeprägt. Es gehört noch in die bronzezeitliche Periode VI nach Montelius. Gut erkennbar sind die seitlichen Gussnähte. Diese verweisen auf das Herstellungsverfahren. Der Guss in Dauerformen ermöglichte die serielle Herstellung von Metallwerkzeugen und -geräten. Die seitliche Öse diente zur Fixierung der Schäftung. Nach BORCHERT (1990/1991) haben die im Landkreis Gifhorn gefundenen Tüllenbeile ihren Verbreitungsschwerpunkt im Elbegebiet bzw. lassen sich von Formen aus dem Elbe-Saale-Gebiet herleiten. (Baier 08/2020)

Beschrieben in:
K. J. Borchert, Katalog der bronzezeitlichen Funde aus dem Landkreis Gifhorn. Die Kunde N.F. 41/42, 1990/1991, S. 223-250.</marc:subfield>
          </marc:datafield>
          <marc:datafield tag="650" ind1="1" ind2=" ">
            <marc:subfield code="a">Werkzeug, Gerät</marc:subfield>
          </marc:datafield>
          <marc:datafield tag="773" ind1="0" ind2=" ">
            <marc:subfield code="t">Archäologische Sammlung</marc:subfield>
          </marc:datafield>
          <marc:datafield tag="852" ind1=" " ind2=" ">
            <marc:subfield code="a">Kreis- und Stadtarchäologie Gifhorn</marc:subfield>
          </marc:datafield>
          <marc:datafield tag="852" ind1=" " ind2=" ">
            <marc:subfield code="a">Ehra-Lessien (Brome, Gifhorn, Niedersachsen)</marc:subfield>
          </marc:datafield>
          <marc:datafield tag="" ind1=" " ind2=" ">
            <marc:subfield code="a">Namensnennung - Weitergabe unter gleichen Bedingungen 4.0 International (CC BY-SA 4.0)</marc:subfield>
          </marc:datafield>
        </marc:record>
      </metadata>
    </record>
  </GetRecord>
</OAI-PMH>
